[Event "Reykjavik op"]
[Site "Reykjavik"]
[Date "2023.03.29"]
[Round "1"]
[White "Magnusson, Thorsteinn"]
[Black "Van Staden, Mildo"]
[Result "1/2-1/2"]
[WhiteElo "1485"]
[BlackElo "1856"]
[PlyCount "58"]
[EventDate "2023.03.29"]
[EventType "swiss"]
[EventRounds "9"]
[EventCountry "ISL"]
[SourceTitle "CBM 213 Extra"]
[Source "ChessBase"]
[SourceDate "2023.05.31"]
[SourceVersion "1"]
[SourceVersionDate "2023.05.31"]
[SourceQuality "1"]

1. d4 d5 2. Bf4 e6 3. e3 c6 4. c3 f5 5. Nf3 Nf6 6. Nbd2 Be7 7. Bd3 0-0 8. Qe2 Bd7 9. 0-0 Be8 10. Rac1 Bh5 11. Rfd1 Nbd7 12. c4 Ne4 13. h3 g5 14. Bh2 Qe8 15. cxd5 exd5 16. Qf1 g4 17. hxg4 fxg4 18. Nxe4 dxe4 19. Bc4+ Kh8 20. Ne5 g3 21. Bxg3 Bxd1 22. Nxd7 Qxd7 23. Qxd1 Bf6 24. Qh5 Bg7 25. Kh2 Rae8 26. Rh1 Rf6 27. Bf4 Rxf4 28. exf4 e3 29. fxe3 Rxe3 1/2-1/2

[Event "Reykjavik Taflfelag op"]
[Site "Reykjavik"]
[Date "2018.11.14"]
[Round "5"]
[White "Magnusson, Thorsteinn"]
[Black "Sharifa, Rayan"]
[Result "1-0"]
[WhiteElo "1554"]
[BlackElo "1141"]
[PlyCount "115"]
[EventDate "2018.10.17"]
[EventType "swiss"]
[EventRounds "7"]
[EventCountry "ISL"]
[SourceTitle "CBM 187 Extra"]
[Source "ChessBase"]
[SourceDate "2018.11.04"]
[SourceVersion "1"]
[SourceVersionDate "2018.11.04"]
[SourceQuality "1"]

1. d4 d5 2. Bf4 Nf6 3. e3 Bf5 4. Nf3 e6 5. Nbd2 Bd6 6. Bg3 Bxg3 7. hxg3 Nbd7 8. c3 c6 9. Qb3 Qb6 10. Qa3 c5 11. c4 0-0 12. Bd3 Ne4 13. g4 Bg6 14. dxc5 Qxc5 15. b4 Qd6 16. c5 Qc7 17. Rc1 Ne5 18. Nxe5 Qxe5 19. Nf3 Qf6 20. b5 Ng5 21. Bxg6 Nxf3+ 22. gxf3 fxg6 23. Rh3 Qe7 24. Qc3 Rfc8 25. Qe5 a6 26. b6 Rc6 27. g5 Rac8 28. Rh4 Rxc5 29. Rxc5 Rxc5 30. Qb8+ Qf8 31. Qxb7 Rc1+ 32. Ke2 a5 33. Rf4 Qe8 34. Qa6 Qc6 35. Qxa5 Qc2+ 36. Qd2 Qxd2+ 37. Kxd2 Rb1 38. Kc3 Rxb6 39. a4 e5 40. Rb4 Rc6+ 41. Kb3 h5 42. gxh6 gxh6 43. Rb5 d4 44. Rxe5 d3 45. Rd5 h5 46. Rxd3 Rc5 47. Kb4 Rf5 48. e4 Rg5 49. a5 h4 50. a6 Re5 51. Rd8+ Kg7 52. a7 h3 53. a8Q Rh5 54. Qa1+ Kf7 55. Rh8 h2 56. Rxh5 gxh5 57. Qh1 Kg6 58. Qxh2 1-0

[Event "Reykjavik TR CC-C"]
[Site "Reykjavik"]
[Date "2018.09.12"]
[Round "2"]
[White "Magnusson, Thorsteinn"]
[Black "Gudmundsson, Gunnar Erik"]
[Result "1-0"]
[WhiteElo "1532"]
[BlackElo "1579"]
[PlyCount "143"]
[EventDate "2018.09.09"]
[EventType "tourn"]
[EventRounds "7"]
[EventCountry "ISL"]
[SourceTitle "CBM 187 Extra"]
[Source "ChessBase"]
[SourceDate "2018.11.04"]
[SourceVersion "1"]
[SourceVersionDate "2018.11.04"]
[SourceQuality "1"]

1. d4 Nf6 2. Bf4 e6 3. e3 d5 4. Nf3 c5 5. c3 Nc6 6. Nbd2 Be7 7. Bd3 h6 8. Qc2 a6 9. a4 Bd6 10. Bg3 b6 11. Ne5 Qc7 12. Ndf3 Bb7 13. b3 0-0 14. h4 Nd7 15. Ng5 Nf6 16. Bh7+ Kh8 17. Nexf7+ Rxf7 18. Bxd6 Qd7 19. Nxf7+ Qxf7 20. Bg6 Qd7 21. dxc5 Rc8 22. Qd2 bxc5 23. Bf4 Ne7 24. h5 d4 25. Rg1 dxc3 26. Qxc3 Ned5 27. Qd2 Nxf4 28. Qxd7 Nxg2+ 29. Rxg2 Nxd7 30. Rg1 Ne5 31. 0-0-0 c4 32. bxc4 Nxc4 33. Kb1 Ne5 34. Rc1 Rb8 35. Ka1 Nf3 36. Rgd1 Ne5 37. Rb1 Nc4 38. Rd7 Na5 39. Be4 Rf8 40. Bxb7 Nxb7 41. Rbxb7 Rxf2 42. Rxg7 Rf1+ 43. Kb2 Rf2+ 44. Kc3 Rf3 45. Kd4 e5+ 46. Kd5 Rxe3 47. Rge7 Rd3+ 48. Ke6 Rd8 49. Rh7+ Kg8 50. Rbg7+ Kf8 51. Rd7 Rxd7 52. Rxd7 e4 53. Kf6 Ke8 54. Re7+ Kf8 55. Rxe4 Kg8 56. Kg6 Kf8 57. Re3 a5 58. Kxh6 Kf7 59. Re7+ Kxe7 60. Kg7 Kd6 61. h6 Kc5 62. h7 Kb4 63. h8Q Kxa4 64. Qh4+ Kb3 65. Qe1 a4 66. Qa1 a3 67. Kf6 a2 68. Ke5 Ka3 69. Kd4 Kb3 70. Qc3+ Ka4 71. Kc5 a1Q 72. Qb4# 1-0

[Event "Reykjavik op"]
[Site "Reykjavik"]
[Date "2018.03.07"]
[Round "3"]
[White "Magnusson, Thorsteinn"]
[Black "Danielsson, Sigurdur G"]
[Result "0-1"]
[WhiteElo "1435"]
[BlackElo "1791"]
[PlyCount "56"]
[EventDate "2018.03.06"]
[EventType "swiss"]
[EventRounds "9"]
[EventCountry "ISL"]
[SourceTitle "CBM 183 Extra"]
[Source "ChessBase"]
[SourceDate "2018.04.19"]
[SourceVersion "1"]
[SourceVersionDate "2018.04.19"]
[SourceQuality "1"]

1. d4 d5 2. Bf4 Nd7 3. e3 c5 4. c3 c4 5. Nd2 g6 6. b3 cxb3 7. axb3 Bg7 8. Bd3 e5 9. dxe5 Bxe5 10. Bxe5 Nxe5 11. Be2 Nf6 12. Ngf3 Qc7 13. Qc2 Bf5 14. Qc1 Nd3+ 15. Bxd3 Bxd3 16. Nd4 a6 17. c4 Rc8 18. Ra4 Ne4 19. Nxe4 dxe4 20. Qc3 0-0 21. h4 h5 22. g4 Qe5 23. f4 exf3 24. Qxd3 Qg3+ 25. Kd1 Rfe8 26. gxh5 f2 27. Rf1 Rxe3 28. Qd2 Rd3 0-1

[Event "Reykjavik Congress"]
[Site "Reykjavik"]
[Date "2018.01.14"]
[Round "2"]
[White "Ragnarsson, Dagur"]
[Black "Magnusson, Thorsteinn"]
[Result "1-0"]
[WhiteElo "2332"]
[BlackElo "1425"]
[PlyCount "51"]
[EventDate "2018.01.10"]
[EventType "swiss"]
[EventRounds "9"]
[EventCountry "ISL"]
[SourceTitle "CBM 182 Extra"]
[Source "ChessBase"]
[SourceDate "2018.02.23"]
[SourceVersion "1"]
[SourceVersionDate "2018.02.23"]
[SourceQuality "1"]

1. d4 d5 2. c4 c6 3. Nf3 Nf6 4. Nc3 e6 5. Bg5 Nbd7 6. e3 Qa5 7. cxd5 Nxd5 8. Rc1 c5 9. Bd3 cxd4 10. exd4 Bd6 11. 0-0 h6 12. Bd2 0-0 13. Bb1 N7f6 14. Ne5 Qb6 15. Nc4 Bxh2+ 16. Kxh2 Qxd4 17. Ne3 Qh4+ 18. Kg1 Nxe3 19. Bxe3 Ng4 20. Bf4 Rd8 21. Qe2 e5 22. Bg3 Qg5 23. Ne4 Qg6 24. f3 Qb6+ 25. Kh1 Ne3 26. Bf2 1-0

[Event "Reykjavik Congress"]
[Site "Reykjavik"]
[Date "2018.01.10"]
[Round "1"]
[White "Magnusson, Thorsteinn"]
[Black "Birkisson, Bjorn Holm"]
[Result "0-1"]
[WhiteElo "1425"]
[BlackElo "2084"]
[PlyCount "52"]
[EventDate "2018.01.10"]
[EventType "swiss"]
[EventRounds "9"]
[EventCountry "ISL"]
[SourceTitle "CBM 182 Extra"]
[Source "ChessBase"]
[SourceDate "2018.02.23"]
[SourceVersion "1"]
[SourceVersionDate "2018.02.23"]
[SourceQuality "1"]

1. d4 g6 2. Bf4 Bg7 3. Nf3 Nf6 4. e3 0-0 5. h3 d6 6. Bc4 d5 7. Be2 Ne4 8. Nbd2 c5 9. c3 Nc6 10. Nxe4 dxe4 11. Ne5 Nxe5 12. Bxe5 Bxe5 13. dxe5 Qc7 14. Qd5 Bf5 15. g4 Rfd8 16. Qc4 Be6 17. Qb5 a6 18. Qa4 b5 19. Qa3 Qxe5 20. h4 Rd6 21. h5 Rad8 22. hxg6 hxg6 23. Rd1 Rxd1+ 24. Bxd1 Qd5 25. 0-0 Qg5 26. Qa5 Rxd1 0-1

[Event "Reykjavik op"]
[Site "Reykjavik"]
[Date "2017.04.19"]
[Round "1"]
[White "Motycakova, Monika"]
[Black "Magnusson, Thorsteinn"]
[Result "1-0"]
[WhiteElo "2162"]
[BlackElo "1489"]
[PlyCount "35"]
[EventDate "2017.04.19"]
[EventType "swiss"]
[EventRounds "10"]
[EventCountry "ISL"]
[SourceTitle "CBM 178 Extra"]
[Source "ChessBase"]
[SourceDate "2017.06.22"]
[SourceVersion "1"]
[SourceVersionDate "2017.06.22"]
[SourceQuality "1"]

1. e4 e6 2. d4 d5 3. Nd2 Be7 4. Bd3 c5 5. dxc5 Bxc5 6. Ngf3 b6 7. exd5 exd5 8. 0-0 Ba6 9. Bxa6 Nxa6 10. Qe2+ Ne7 11. Qxa6 h5 12. Nb3 Bd6 13. Qa4+ Kf8 14. Re1 h4 15. Qg4 h3 16. g3 b5 17. Nbd4 Qb8 18. Ng5 1-0

[Event "Reykjavik op"]
[Site "Reykjavik"]
[Date "2016.03.13"]
[Round "7"]
[White "Magnusson, Thorsteinn"]
[Black "Ingebretsen, Jens E"]
[Result "0-1"]
[WhiteElo "1314"]
[BlackElo "1755"]
[PlyCount "38"]
[EventDate "2016.03.08"]
[EventType "swiss"]
[EventRounds "10"]
[EventCountry "ISL"]
[SourceTitle "CBM 171 Extra"]
[Source "ChessBase"]
[SourceDate "2016.04.26"]
[SourceVersion "1"]
[SourceVersionDate "2016.04.26"]
[SourceQuality "1"]

1. d4 d5 2. Bf4 c5 3. e3 Nc6 4. c3 e6 5. Nf3 Nf6 6. h3 Be7 7. Nbd2 0-0 8. Bd3 a6 9. Ne5 Qb6 10. Qb1 h6 11. Ndf3 Nd7 12. Nxd7 Bxd7 13. Ne5 Nxe5 14. Bxe5 Bb5 15. Bh7+ Kh8 16. a4 Bc4 17. dxc5 Bxc5 18. Bg6 Bxe3 19. Bg3 fxg6 0-1

[Event "Reykjavik op"]
[Site "Reykjavik"]
[Date "2016.03.09"]
[Round "2"]
[White "Hielscher, Ursula"]
[Black "Magnusson, Thorsteinn"]
[Result "1-0"]
[WhiteElo "1875"]
[BlackElo "1314"]
[PlyCount "93"]
[EventDate "2016.03.08"]
[EventType "swiss"]
[EventRounds "10"]
[EventCountry "ISL"]
[SourceTitle "CBM 171 Extra"]
[Source "ChessBase"]
[SourceDate "2016.04.26"]
[SourceVersion "1"]
[SourceVersionDate "2016.04.26"]
[SourceQuality "1"]

1. d4 d5 2. c4 c6 3. Nc3 Nf6 4. Bg5 Nbd7 5. Nf3 e6 6. e3 Qa5 7. Bxf6 Nxf6 8. Nd2 Bb4 9. Qc2 Ne4 10. Rc1 Nxd2 11. Qxd2 dxc4 12. Bxc4 b5 13. Bd3 a6 14. a3 Bd6 15. 0-0 e5 16. Qc2 exd4 17. Ne4 Qc7 18. Nxd6+ Qxd6 19. Qxc6+ Qxc6 20. Rxc6 dxe3 21. fxe3 0-0 22. Rc7 Be6 23. Be4 Rad8 24. Ra7 Rd2 25. b4 Bc4 26. Rf4 Re2 27. Rxa6 Rxe3 28. Kf2 Re2+ 29. Kf3 Rb2 30. Ke3 Rd8 31. Rf2 Rxf2 32. Kxf2 h6 33. Ra8 Rxa8 34. Bxa8 Kf8 35. Ke3 Ke7 36. Kd4 f5 37. Kc5 g5 38. a4 f4 39. a5 g4 40. Kb6 Bf1 41. a6 Bxg2 42. Bxg2 f3 43. Bf1 h5 44. a7 h4 45. a8Q g3 46. hxg3 hxg3 47. Qxf3 1-0

[Event "Reykjavik op"]
[Site "Reykjavik"]
[Date "2015.03.11"]
[Round "2"]
[White "Magnusson, Thorsteinn"]
[Black "Milvang, Otto"]
[Result "0-1"]
[WhiteElo "1301"]
[BlackElo "1872"]
[PlyCount "82"]
[EventDate "2015.03.10"]
[EventType "swiss"]
[EventRounds "10"]
[EventCountry "ISL"]
[SourceTitle "CBM 165 Extra"]
[Source "ChessBase"]
[SourceDate "2015.04.21"]
[SourceVersion "1"]
[SourceVersionDate "2015.04.21"]
[SourceQuality "1"]

1. c4 f5 2. g3 Nf6 3. Bg2 e6 4. Nc3 c6 5. Nf3 d5 6. b3 Bd6 7. Bb2 0-0 8. 0-0 e5 9. cxd5 cxd5 10. Nb5 Nc6 11. Rc1 Bb8 12. d4 e4 13. Ne5 Nxe5 14. dxe5 Ng4 15. Ba3 Rf7 16. Nd6 Bxd6 17. Qxd5 Bc7 18. Rfd1 Qxd5 19. Rxd5 Be6 20. Rdc5 Bb6 21. Rb5 Bxf2+ 22. Kf1 Bd4 23. Bh3 Bxe5 24. Bxg4 fxg4+ 25. Kg2 Bd4 26. Rd1 Bb6 27. Re5 Bd7 28. Rf1 Rxf1 29. Kxf1 Bc6 30. Rg5 Rd8 31. Ke1 e3 32. Bb2 g6 33. Rxg4 Bg2 34. Rg5 Rd2 35. Bc1 Rxa2 36. Re5 Ra1 37. Kd1 Bf1 38. Re8+ Kf7 39. Rc8 Ra2 40. Rc3 Bxe2+ 41. Ke1 Ba5 0-1

[Event "Reykjavik op"]
[Site "Reykjavik"]
[Date "2015.03.10"]
[Round "1"]
[White "Karlsson, Mikael Johann"]
[Black "Magnusson, Thorsteinn"]
[Result "1-0"]
[WhiteElo "2138"]
[BlackElo "1301"]
[PlyCount "43"]
[EventDate "2015.03.10"]
[EventType "swiss"]
[EventRounds "10"]
[EventCountry "ISL"]
[SourceTitle "CBM 165 Extra"]
[Source "ChessBase"]
[SourceDate "2015.04.21"]
[SourceVersion "1"]
[SourceVersionDate "2015.04.21"]
[SourceQuality "1"]

1. c4 c5 2. g3 g6 3. Bg2 Bg7 4. Nc3 Nc6 5. Nf3 Nf6 6. d4 cxd4 7. Nxd4 0-0 8. 0-0 d6 9. Nxc6 bxc6 10. Bxc6 Bh3 11. Re1 Rc8 12. Qa4 Qb6 13. Nd5 Nxd5 14. cxd5 Rb8 15. Qh4 Bf5 16. Qxe7 Bxb2 17. Bxb2 Qxb2 18. Qxd6 Rfd8 19. Qf4 Qa3 20. e4 Bd7 21. Bxd7 Rxd7 22. Qxb8+ 1-0